| 000 -Etiqueta do registo | |
|---|---|
| campo de controlo de comprimento fixo | 007690000a22002410004500 |
| 001 - Identificador do registo | |
| Campo de controlo | 50994 |
| 100 ## - Dados Gerais de Proc. | |
| Dados gerais de processamento | 20131121d2013 e y0pory5003 ba |
| 101 0# - Língua da publicação | |
| Língua do texto, banda sonora, etc. | Português |
| 102 ## - País de Publicação | |
| País de publicação | Portugal |
| 200 1# - Título | |
| Título próprio | Na pista do Penacho |
| Primeira menção de responsabilidade | Daniel Joris |
| Outras menções de responsabilidade | ilust. Valériane |
| -- | trad. Philos Comunicação Global |
| 210 ## - Publicação, Distribuição | |
| Lugar da edição, distribuição, etc. | Porto |
| Nome do editor, distribuidor, etc. | Majora |
| Data da publicação, distribuição, etc. | [19-?] |
| 215 ## - Descrição física | |
| Descrição física | [16] p. |
| Outras indicações físicas | il. |
| Dimensões | 18 cm |
| 225 2# - Colecção | |
| Título próprio da colecção | Amigos - Amigos |
| Indicação de volume | 3 |
| 606 ## - Nome comum | |
| Elemento de entrada | Literatura infantil |
| Subdivisão de assunto | Conto |
| 675 ## - CDU | |
| Notação | 82-34 |
| Edição | BN |
| Língua da edição | Português |
| 675 ## - CDU | |
| Notação | 087.5-053.5 |
| Edição | BN |
| Língua da edição | Português |
| 700 #1 - Responsabilidade principal | |
| Palavra de ordem | Joris |
| Outra parte do nome | Daniel |
| 702 #1 - Responsabilidade secundária | |
| Koha Internal Code | 46160 |
| Código de função | Ilustrador |
| Palavra de ordem | Valériane |
| Outra parte do nome | Valériane |
| 712 02 - Colectividade (resp. secundária) | |
| Código de função | Tradutor |
| Palavra de ordem | Philos Comunicação global |
| 801 ## - Fonte de origem | |
| País | Portugal |
| Data da última transacção | 20131121 |
| 090 ## - Números de controlo do sistema (Koha) | |
| Número biblioitem do Koha (gerado automaticamente) | 50994 |
| 942 ## - Elementos de entrada adicionados (Koha) | |
| Tipo de item no Koha | Monografias |
| Suprimido | Disponível no OPAC |
| 999 ## - Campo local | |
| Campo local | 50994 |
| -- | Bibliobase - BEBDPPC |
| -- | 2019-01-21 |
| Perdido (estado) | Data de aquisição | Origem do registo (biblioteca) (codificado) | Código da organização que empresta ou é detentora (biblioteca) | Código de barras | Cota | Tipo de circulação (não pode ser emprestado) | Tipo de item e material |
|---|---|---|---|---|---|---|---|
| Disponível | 2013-11-22 | Biblioteca EB23 D. Paio Peres Correia | Biblioteca EB23 D. Paio Peres Correia | BEBDPPC5321 | 82-34 JOR | Normal | Monografias |